| 000 | 00629nam a2200241Ia 4500 | ||
|---|---|---|---|
| 003 | OSt | ||
| 005 | 20221005131754.0 | ||
| 006 | a|||||r|||| 00| 0 | ||
| 007 | ta | ||
| 008 | 221004b |||||||| |||| 00| 0 san d | ||
| 024 | _a50795 | ||
| 037 | _cTextual | ||
| 040 |
_aCRL _cCRL _bsan |
||
| 041 |
_2san _asan |
||
| 082 | _aQ126:21, 15F9-;1 | ||
| 100 |
_aPansikar Wasudev Laxman Sastri Ed. _9204697 |
||
| 245 | 0 | _aSuklayajurveda-Samhita | |
| 250 | _a2nd | ||
| 260 | _c1929 | ||
| 650 | _aRELIGION | ||
| 942 |
_hQ126:21, 15F9-;1 _cTEXL _2cc |
||
| 999 |
_c1061359 _d1061359 |
||